00824 2200265 4500001002100000005001500021035002000036007000300056008004100059082001500100084001700115100003400132245016000166260003700326300002500363500003100388650002900419040001700448090001900465850001200484041000800496990001800504990001800522990001800540INLIS00000000081619120180815060051 a0010-0818000820ta180815 g 0 fre 04223a347.44 a347.44 MOR p1 aMorandiere, Leon Juliot De La1 aPrecis de droit civil :bpublie d'apres le cours elementaire de droit civil francais d'ambroise colin et henri capitant /cpar Leon Juliot De La Morandiere3 aParis :bLibrairie Dalloz,c1950 a689 halaman ;c19 cm aTeks dalam bahasa Perancis 4aHukum Perdata-- Perancis aYOPDYOGbind aL 347.44 MOR p aYOPDYOG0 afra a60554-PD/A.18 a60553-PD/A.18 a60555-PD/A.18